Logo BPK

Biblioteka

Politechniki Koszalińskiej

Przewodnik po sieciach NetWare 4.0 / (Rekord nr 6554)

Szczegóły MARC
000 -ETYKIETA REKORDU
podpole kontrolne o stałej długości 00523nam a2200193 i 4500
001 - NUMER KONTROLNY REKORDU
pole kontrolne bg
020 ## - MIĘDZYNARODOWY ZNORMALIZOWANY NUMER KSIĄŻKI - ISBN
ISBN 8385451242
040 ## - ŹRÓDŁO KATALOGOWANIA
Instytucja, która utworzyła rekord BPK
041 ## - KOD JĘZYKA
Kod języka tekstu pol
080 ## - UNIWERSALNA KLASYFIKACJA DZIESIĘTNA - UKD
UKD 681.322.066:681.324
920 ## - Międzynarodowy znormalizowany numer książki – ISBN
ISBN 83-85451-24-2
008 - POLE O STAŁEJ DŁUGOŚCI - DANE KONTROLNE
podpole kontrolne o stałej długości s pl f |000 0 pol
100 1# - NAZWA OSOBOWA
Nazwa osobowa CURRID, Cheryl C.
245 #0 - TYTUŁ/ODPOWIEDZIALNOŚĆ
Tytuł Przewodnik po sieciach NetWare 4.0 /
Pozostałe elementy strefy tytułu i oznaczenia odpowiedzialności Cheryl C. Curried i Stephen Saxon - T. 1.
260 ## - STREFA ADRESU WYDAWNICZEGO
Miejsce wydania Warszawa :
Nazwa wydawcy/dystrybutora Wydaw. EXIT,
Data publikacji, dystrybucji/powstania dokumentu 1994.
300 ## - STREFA OPISU FIZYCZNEGO
Objętość 389 s. :
Inne cechy fizyczne rys. ;
Rozmiary 21 cm.
700 1# - HASŁO DODATKOWE - NAZWA OSOBOWA
Nazwa osobowa SAXON, Stephen
856 ## - LOKALIZACJA I DOSTĘP DO ELEKTRONICZNYCH DOKUMENTÓW ZDALNYCH
Link (URL) http://koha.tu.koszalin.pl/cgi-bin/koha/opac-detail.pl?biblionumber=6554
Tekst linku Katalog online BPK
942 ## - DODATKOWE ELEMENTY (KOHA)
Typ dokumentu Książka
Egzemplarze
Wycofany Status egzemplarza Uszkodzony Dostępność Lokalizacja stała Lokalizacja bieżąca Miejsce przechowywania Sygnatura Kod kreskowy Typ dokumentu
      Dostępny Biblioteka Politechniki Koszalińskiej Biblioteka Politechniki Koszalińskiej Wypożyczalnia BG P 47759 01884869 Książka
© 2023 Biblioteka Politechniki Koszalińskiej :: KOHA